|
|
|
|
| LEADER |
00000nam a2200000 4500 |
| 001 |
vtls011746782 |
| 003 |
SK-MaSNL |
| 005 |
20260426000641.0 |
| 008 |
201207s2018 xo f l 000 0 slo |
| 015 |
|
|
|a SNBI2019
|
| 020 |
|
|
|a 9788089350735 (viazané)
|
| 035 |
|
|
|a A087A1F2-A9C6-40E8-B7CF-C114FD8E2EC5
|
| 035 |
|
|
|a urn:nbn:sk:snk-am3iasj
|
| 035 |
|
|
|a urn:nbn:sk:snk-am00d7tv
|
| 040 |
|
|
|a SNK
|b slo
|c SNK
|e rda
|
| 041 |
0 |
|
|a slo
|
| 043 |
|
|
|a e-xo---
|
| 044 |
|
|
|a xo
|c SK
|
| 072 |
|
7 |
|a 347.7
|x Obchodné právo. Finančné právo. Právo priemyselného vlastníctva. Patentové právo. Autorské právo
|2 konspekt
|
| 080 |
|
|
|a 347.7
|2 2011
|
| 080 |
|
|
|a (437.6)
|2 2011
|
| 080 |
|
|
|a (094.5)
|2 2011
|
| 080 |
|
|
|a (0.072)
|2 2011
|
| 080 |
|
|
|a 347.714
|2 2011
|
| 080 |
|
|
|a 347.951
|2 2011
|
| 110 |
1 |
|
|a Slovensko
|4 aut
|9 266955
|
| 240 |
1 |
0 |
|a Obchodný zákonník (1991, novela 2017)
|
| 245 |
1 |
0 |
|a Obchodný zákonník s rozsiahlym komentárom a judikatúrou po poslednej novele vykonanej zákonom NR č. 264/2017 Z.z. ; Zákon o obchodnom registri
|
| 250 |
|
|
|a 15. doplnené vydanie
|
| 264 |
|
1 |
|a Bratislava
|b Nová práca, spol. s.r.o.
|c 2018
|
| 300 |
|
|
|a 911 strán
|c 22 cm
|
| 336 |
|
|
|a text
|b txt
|2 rdacontent
|
| 337 |
|
|
|a bez média
|b n
|2 rdamedia
|
| 338 |
|
|
|a zväzok
|b nc
|2 rdacarrier
|
| 500 |
|
|
|a Dokument obsahuje 2 diela
|
| 500 |
|
|
|a Platný od 1. marca 2018
|
| 504 |
|
|
|a Obsahuje bibliografické odkazy
|
| 650 |
0 |
7 |
|a obchodné právo
|2 SNKPH
|9 2216
|
| 650 |
0 |
7 |
|a Commercial law
|2 SNKPHeng
|9 266959
|
| 650 |
0 |
7 |
|a obchodné registre
|2 SNKPH
|9 4620
|
| 650 |
0 |
7 |
|a súdne rozhodnutia a stanoviská
|2 SNKPH
|9 4638
|
| 650 |
0 |
7 |
|a Trade registers
|2 SNKPHeng
|9 311616
|
| 650 |
0 |
7 |
|a Judgments
|2 SNKPHeng
|9 274954
|
| 651 |
|
7 |
|a Slovensko
|2 SNKPH
|9 14231
|
| 651 |
|
7 |
|a Slovakia
|2 SNKPHeng
|9 92630
|
| 655 |
|
7 |
|a zákony
|2 SNKPH
|9 70186
|
| 655 |
|
7 |
|a komentáre
|2 SNKPH
|9 70412
|
| 655 |
|
7 |
|a Laws
|2 SNKPHeng
|9 266957
|
| 655 |
|
7 |
|a Commentaries
|2 SNKPHeng
|9 275605
|
| 710 |
1 |
2 |
|a Slovensko.
|t Zákon o obchodnom registri (2003, novela 2017)
|9 561778
|
| 740 |
0 |
2 |
|a Zákon o obchodnom registri
|
| 852 |
|
|
|a Štátna vedecká knižnica v Banskej Bystrici
|
| 919 |
|
|
|a 978-80-89350-73-5
|
| 999 |
|
|
|c 861449
|d 863379
|
| 952 |
|
|
|a SNK
|b SNK
|y PREZ
|7 0
|p 17A1352220
|o snkSC 182256
|i snk2019/228
|8 0
|0 0
|1 0
|4 0
|d 2019-01-04
|f 1
|l 0
|r 2026-02-24 05:14:14
|w 2026-02-24
|
| 952 |
|
|
|a SNK
|b SNK
|y VYP
|7 0
|p 17A1352221
|o snkSC 182256 D1
|i snk2019/229
|8 0
|0 0
|1 0
|4 0
|d 2019-01-04
|l 0
|r 2026-02-24 05:14:14
|w 2026-02-24
|